Statistiken für Liedtext - Tommi - AnnenMayKantereit

Klicken Sie hier um das Quiz zu spielen!

Allgemein

  • Dieses Quiz wurde 107 mal gespielt
  • Das Durchschnittsergebnis liegt bei 157 aus 250

Antwortstatistiken

Antwort% Korrekt
Tommi
99%
ich
97%
Ich
97%
da
94%
Da
94%
hab
91%
wie
91%
die
88%
Heimweh
88%
hin
88%
wieder
88%
Rhein
85%
wir
85%
der
84%
wo
84%
am
82%
glaub
82%
in
81%
In
81%
irgendwann
81%
will
81%
sin
79%
mal
78%
Mal
78%
stehen
78%
Alle
76%
alle
76%
damit
75%
einfach
75%
Kinder
73%
sehen
73%
und
70%
groß
69%
Kölle
67%
hineinsehen
66%
könn
66%
man
63%
dass
58%
es
58%
Schiffe
58%
vorbeiziehen
58%
du
55%
kann
55%
viel
55%
zuschauen
55%
an
54%
vielleicht
54%
bricht
52%
gerade
52%
hier
52%
Licht
52%
liegt
52%
oder
52%
sich
52%
Spree
52%
ziehen
52%
daran
51%
wie's
49%
Bahn
48%
rufe
40%
jeworde
39%
so
39%
jebore
37%
sagst
37%
von
37%
fangen
34%
mer
34%
vorne
34%
zum
34%
krieje
33%
letzten
33%
war
33%
nach
31%
Stadt
31%
gehen
30%
auf
28%
dumm
28%
jung
28%
alles
27%
dem
27%
Köln
27%
was
27%
Wege
27%
immer
24%
unverwundbar
24%
waren
24%
zurück
24%
bunt
22%
führen
22%
Tag
22%
wollten
22%
beide
21%
geht
21%
Rom
21%
weil
21%
Welt
21%
klar
19%
einen
18%
kommt
18%
überall
18%
drehen
15%
Kaltgetränk
12%
zosamme
12%

Verteilung der Resultate

Perzentil nach korrekt beantworteten Fragen

Anzahl Personen mit jedem Resultat

Ihre Resultats-Entwicklung

Sie haben dieses Quiz noch nicht gespielt